000 00424nam a22001697a 4500
005 20160618120839.0
008 160618b xxu||||| |||| 00| 0 eng d
020 _a0-7619-9490-4
041 _aeng
082 _b8108
100 _aRatnam. C.S. Venkata
_92197
245 _aGlobalization and labour Mgt. Relations
260 _aDelhi
_bPearson Education
_c2004
300 _a334
650 _aManagement
_9241
942 _cBK
999 _c3075
_d3074